Cyclisme : Top 20 de Gand Wevelgem 2025 - Statistiques

Statistiques générales
  • Ce quiz a été pris 36 fois
  • Le résultat moyen est 9 sur 20
Statistiques - réponses
Position Equipe Coureur % Correct
1er Lidl Trek Mads Pedersen
100%
7eme Intermarché Wanty Biniam Girmay
82%
4eme Uno-X Mobility Alexander Kristoff
79%
3eme Lidl - Trek Jonathan Milan
79%
2eme Soudal - Quick Step Tim Merlier
71%
12eme TotalEnergies Anthony Turgis
57%
15eme Tudor Matteo Trentin
57%
16eme XDS Astana Mike Teunissen
57%
9eme RedBull - Bora-Hansgrohe Jordi Meeus
54%
6eme XDS Astana Davide Ballerini
39%
19eme Visma Lease a Bike Tiesj Benoot
36%
5eme Israel - Premier Tech Hugo Hofstetter
32%
11eme Picnic PostNL John Degenkolb
32%
10eme Intermarché - Wanty Laurenz Rex
29%
13eme Groupama-FDJ Clément Russo
25%
14eme EF Education - Easy Post Madis Mihkels
18%
8eme Lotto Jenno Berckmoes
11%
18eme XDS Astana Yevgeniy Fedorov
11%
17eme Israel Premier Tech Matis Louvel
4%
20eme Movistar Carlos Canal
0%
Aucun quiz correspondant
Distribution des résultats
% des personnes avec chaque résultat
Percentile par nombre de réponses
Votre historique - résultats
Vous n’avez pas pris ce quiz